Normal view
MARC view
- Español
Entry Materia
Number of records used in: 161
001 - NÚMERO DE CONTROL DEL REGISTRO
- campo de control: 10742
003 - IDENTIFICADOR DE NUMERO DE CONTROL
- campo de control: MX-MxUPN
005 - FECHA Y HORA DE LA ÚLTIMA TRANSACCIÓN
- campo de control: 20231011200530.0
008 - DATOS DE LONGITUD FIJA
- campo de control de longitud fija: 231011nn fnnnnbaba n ana |d
035 ## - NÚMERO DE CONTROL DEL SISTEMA
- Número de control del sistema: UPN10000010749
040 ## - FUENTE DE LA CATALOGACIÓN
- Lengua de catalogación: spa
- Centro catalogador de origen: MX-MxUPN
150 ## - ENCABEZAMIENTO - TEMÁTICO
- Término de materia o nombre geográfico como elemento inicial: Español
- Subdivisión de materia general: Ejercicios de redacción
670 ## - FUENTE EN LA QUE SE LOCALIZARON DATOS
- Cita de la fuente: E/P
902 ## - CATALOGADOR
- Catalogador: MMA/041196
